00393cam a22000977a 4500008004000000082002200040245013800062260004700200300001100247700003700258180718b1980 xxu||||| |||| 00| 0 eng d aF8065x5441 L/1980 aReport on the general elections to the Gujarat Legislative Assembly May-1980: statistical reviewcby Chief Electoral Officer, Gujarat aGandhinagarbChief Electoral Officerc1980 a120+p. aGujarat. Chief Electoral Officer